| 000 | 01269cam a2200373 a 4500 | ||
|---|---|---|---|
| 001 | 20893 | ||
| 003 | BD-RjUL | ||
| 005 | 20211209000626.0 | ||
| 008 | 140302r19521906nyua j 000 1 eng | ||
| 035 | _a(BD-RjUL)20955 | ||
| 040 |
_aDLC _cDLC _edcrmb _beng _dBD-RjUL |
||
| 041 | _aeng | ||
| 082 |
_a823 _bDER |
||
| 100 |
_aDefoe, Daniel _964523 |
||
| 245 | 0 | 0 | _aRobinson Crusoe / |
| 260 |
_aNew York : _bMcLoughlin Bros. & Co., publishers, N.Y., _c1906 [reprinted 1952] |
||
| 300 |
_axv, 931 p. ; _c23 cm. |
||
| 490 | 0 | _aAunt Matilda's series | |
| 500 | _aIn verse. | ||
| 500 | _aCover title. | ||
| 500 | _aDate of publication suggested by the American Antiquarian Society. | ||
| 500 | _aPublisher's advertisement on p. [4] of wrapper. | ||
| 650 | 0 |
_aCastaways _vJuvenile poetry. _964524 |
|
| 650 | 0 |
_aShipwreck survival _vJuvenile poetry. _964525 |
|
| 650 | 0 |
_aIslands _vJuvenile poetry. _964526 |
|
| 650 | 0 |
_aAtlantic Ocean _vJuvenile poetry. _964527 |
|
| 650 | 0 |
_aChildren's poetry, American. _964528 |
|
| 655 | 7 |
_aJuvenile literature _2rbgenr _964537 |
|
| 700 | 1 |
_aDefoe, Daniel, _d1661?-1731. _tRobinson Crusoe. _964530 |
|
| 710 | 2 |
_aMcLoughlin Bros., inc., _epublisher. _964531 |
|
| 942 |
_2ddc _cBK |
||
| 999 |
_c20893 _d20893 |
||